|
|
|
|
| LEADER |
00000nam0a2200000 4500 |
| 001 |
317041 |
| 005 |
20231102002932.0 |
| 020 |
|
|
|a RU
|b 82-59456
|
| 035 |
|
|
|a (RuTPU)RU\TPU\book\342509
|
| 090 |
|
|
|a 317041
|
| 100 |
|
|
|a 20160404d1982 km y0rusy5003 ca
|
| 101 |
0 |
|
|a rus
|
| 102 |
|
|
|a BY
|
| 105 |
|
|
|a a z 001zy
|
| 200 |
1 |
|
|a Математическое моделирование массо- и теплопереноса при конденсации
|f А. А. Михалевич
|g Академия наук Белорусской ССР (АН БССР), Институт ядерной энергетики ; под ред. В. Б. Нестеренко
|
| 210 |
|
|
|a Минск
|c Наука и техника
|d 1982
|
| 215 |
|
|
|a 216 с.
|c ил.
|
| 320 |
|
|
|9 572
|a Библиогр.: с. 208-214
|
| 320 |
|
|
|9 572
|a Предм. указ.: с. 215
|
| 606 |
1 |
|
|a Конденсация
|2 stltpush
|3 (RuTPU)RU\TPU\subj\15332
|9 41584
|
| 606 |
1 |
|
|a Промышленные установки
|x Тепломассообмен
|2 stltpush
|3 (RuTPU)RU\TPU\subj\52760
|9 71163
|
| 610 |
1 |
|
|a математическое моделирование
|
| 610 |
1 |
|
|a переноса явления
|
| 610 |
1 |
|
|a массоперенос
|
| 610 |
1 |
|
|a массопереносные процессы
|
| 610 |
1 |
|
|a теплоперенос
|
| 610 |
1 |
|
|a двухмерные модели
|
| 610 |
1 |
|
|a трубы
|
| 610 |
1 |
|
|a численные расчеты
|
| 610 |
1 |
|
|a экспериментальные данные
|
| 675 |
|
|
|a 536.423
|z rus
|v 3
|
| 675 |
|
|
|a 621.1.016.4
|z rus
|v 3
|
| 700 |
|
1 |
|a Михалевич
|b А. А.
|4 070
|
| 702 |
|
1 |
|a Нестеренко
|b В. Б.
|4 340
|
| 712 |
0 |
2 |
|a Академия наук Белорусской ССР (АН БССР)
|b Институт ядерной энергетики
|2 stltpush
|3 (RuTPU)RU\TPU\col\10622
|
| 801 |
|
0 |
|a RU
|b RuMRKP
|c 19950704
|g psbo
|
| 801 |
|
1 |
|a RU
|b 63413507
|c 20160404
|
| 801 |
|
2 |
|a RU
|b 63413507
|c 20200610
|g RCR
|
| 942 |
|
|
|c BK
|